000
00236nam a2200097Ia 4500
008
190216s9999||||xx |||||||||||||| ||und||
100
_a
Paish F W
245
0
_a
Benhanis Economics
260
_b
The English Language Book Society
942
_c
BK
999
_c
9151
_d
9151